Northern Capitals (A-Z) Quiz Stats

 Plays Quiz Updated Oct 28, 2019

Score 0/24 Timer 10:00
3 Plays Today
Letter Capital % Correct
OOslo, Norway
95.6%
MMoscow, Russia
95.2%
SStockholm, Sweden
90.5%
HHelsinki, Finland
90.2%
LLondon, United Kingdom
89.8%
BBerlin, Germany
85.5%
CCopenhagen, Denmark
85.3%
WWarsaw, Poland
83.5%
RReykjavik, Iceland
81.5%
DDublin, Ireland
80.5%
AAmsterdam, Netherlands
80.4%
TTallinn, Estonia
68.9%
Letter Capital % Correct
KKiev, Ukraine
68.5%
VVilnius, Lithuania
67.7%
ZZagreb, Croatia
64.4%
PPrague, Czechia
63.7%
UUlaanbaatar, Mongolia
62.5%
QQuito, Ecuador
56.6%
YYerevan, Armenia
46.3%
IIslamabad, Pakistan
43.2%
JJerusalem, Israel
41.6%
NNur-Sultan, Kazakhstan
31.8%
FFreetown, Sierra Leone
29.8%
GGuatemala City, Guatemala
28.5%

You're not logged in!

Compare scores with friends on all Sporcle quizzes.
OR
Log In

Sporcle TV

Today on Sporcle TV


Watch our educational content, quiz creation guides, and fun videos on Sporcle TV.

Show Comments

Extras

Top Quizzes Today


Score Distribution

Your Account Isn't Verified!

In order to create a playlist on Sporcle, you need to verify the email address you used during registration. Go to your Sporcle Settings to finish the process.

Report this User

Report this user for behavior that violates our Community Guidelines.

Details: